01655 2200433 4500001002100000005001500021035002000036007000300056008004100059020002200100082001500122084001700137100003900154245033700193250003500530300004100565650001000606700003300616700003600649700002700685700002700712700003600739700003000775700003100805700003200836700003500868700004000903700003700943504003400980264003401014336002101048337003001069338002301099040002201122090002201144850001201166999002101178990002201199INLIS00000000087775420230404101504 a0010-0423000054ta230404s2023 yoia g ind d a978-623-261-550-204223a297.14 a297.14 GAT p0 aGatot Supangkat SamidjoePengarang10aPesan langit untuk bumi :bfiqh lingkungan dari muhammadiyah untuk generasi mendatang /cGatot Supangkat Samidjo, Abdul Malik Usman, Hidayat Tri Sutardjo, Ikhwanuddin, Miftahulhaq, Mutia Hariati Hussin, Hery Setiyawan, Ane Permatasari, Muhammad Rifandi, Susamto Somowiyarjo; penyunting, Gatot Supangkat Samidjo, Hidayat Tri Sutardjo aCetakan pertama, Februari 2023 axxii, 248 halaman :bgambar ;c23 cm 4aFikih0 aAbdul Malik UsmanePengarang0 aHidayat Tri SutardjoePengarang0 aIkhwanuddinePengarang0 aMiftahulhaqePengarang0 aMutia Hariati HussinePengarang0 aHery SetiyawanePengarang0 aAne PermatasariePengarang0 aMuhammad RifandiePengarang0 aSusamto SomowiyarjoePengarang0 aGatot Supangkat SamidjoePenyunting0 aHidayat Tri SutardjoePenyunting aBibliografi : halaman 242-24531aBantul :bSamudra Biru,c2023 2rdacontentateks 2rdamediaatanpa perantara 2rdacarrieravolume aYOPDYOGbinderda aCB-D.11 2023-0185 aYOPDYOG aCB-D.11/202-0185 aCB-D.11/2023-0185